|
|
|
|
| LEADER |
01056cam a2200265 7i4500 |
| 001 |
0000047065 |
| 005 |
20250624090000.0 |
| 090 |
0 |
0 |
|a DS595.M2
|b M36 1981
|
| 100 |
0 |
|
|a Malik Munip
|
| 245 |
1 |
0 |
|a Tuntutan Melayu
|c Malik Munip.
|
| 260 |
|
|
|a Kuala Lumpur:
|b Sarjana Enterprise,
|c 1981.
|
| 300 |
|
|
|a 101 pages;
|c 21 cm.
|
| 336 |
|
|
|a text
|2 rdacontent
|
| 337 |
|
|
|a unmediated
|2 rdamedia
|
| 338 |
|
|
|a volume
|2 rdacarrier
|
| 500 |
|
|
|a Gift: Prof. Dato' Dr. Siddiq Fadzil
|
| 500 |
|
|
|a Gift: Zainol Ahmad Resource Center
|
| 500 |
|
|
|a Gift: En. Hasrom Haron
|
| 651 |
|
0 |
|a Malaysia --
|x Economic conditions --
|x Miscellanea
|
| 651 |
|
0 |
|a Malaysia --
|x Social conditions --
|x Miscellanea
|
| 651 |
|
0 |
|a Malaysia --
|x Intellectual life --
|x Miscellanea
|
| 651 |
|
0 |
|a Malaysia --
|x Ethnic relations --
|x Miscellanea
|
| 999 |
|
|
|a 0000068293
|b BOK
|c OPEN SHELF
|e 1st Floor, Bestari Jaya
|
| 999 |
|
|
|a SFL0001044
|b BOK
|c SIDDIQ FADZIL LIBRARY
|e Perpustakaan Peringatan Siddiq Fadzil
|
| 999 |
|
|
|a SFL0001466
|b BOK
|c SIDDIQ FADZIL LIBRARY
|e Perpustakaan Peringatan Siddiq Fadzil
|